| 000 | 00519nam a2200181Ia 4500 | ||
|---|---|---|---|
| 005 | 20250508154824.0 | ||
| 008 | 008 250505s9999 xx 000 0 eng d | ||
| 037 | _aTextual | ||
| 040 |
_aFEDL _beng _cFEDL |
||
| 041 |
_aeng _2eng |
||
| 084 |
_a371.270942058, PRI _qFEDL |
||
| 100 |
_aPriestley Barbara _9766180 |
||
| 245 | 0 | _aBritish qualification | |
| 260 |
_aLondon, UK _bAndre Deutsch Limited _c1966 |
||
| 300 | _a1120p. | ||
| 942 |
_cTEXL _h371.270942058, PRI |
||
| 999 |
_c1352319 _d1352319 |
||